UBT Library

Historia e Skenderbeut (Record no. 58316)

000 -LEADER
fixed length control field 00304nam a22001337a 4500
008 - FIXED-LENGTH DATA ELEMENTS--GENERAL INFORMATION
fixed length control field 220131b ||||| |||| 00| 0 eng d
041 ## - LANGUAGE CODE
Language code of text/sound track or separate title eng
080 ## - UNIVERSAL DECIMAL CLASSIFICATION NUMBER
Universal Decimal Classification number 941
082 ## - DEWEY DECIMAL CLASSIFICATION NUMBER
Edition number Firs't edition
Classification number 941
100 ## - Rafti
Rafti 25.2
101 ## - Shkurtesa
Shkurtesa SHKI
245 ## - TITLE STATEMENT
Title Historia e Skenderbeut
Statement of responsibility, etc Marin Barleti
942 ## - ADDED ENTRY ELEMENTS (KOHA)
Source of classification or shelving scheme
Item type Books

No items available.

UBT Library © 2015-2024. All rights reserved University Education for Business and Technology